<The> Limited Impact of Business Model on Business' Prosperity

Prezentácia čiastkových výsledkov trojročnej štúdie začínajúcich spoločností so zameraním na obchodný model a jeho vplyv na prosperitu štartovacieho podniku. Analýza viac ako 70 začínajúcich spoločností, ktoré zhromažďujú údaje prostredníctvom osobného rozhovoru so zakladateľom startup-u.

Gespeichert in:
Bibliographische Detailangaben
1. Verfasser: Bednár, Richard, 1985-
Weitere Verfasser: Zagoršek, Branislav, 1984-
Format: Buchkapitel
Sprache:Englisch
Schlagworte:
Tags: Tag hinzufügen
Keine Tags, Fügen Sie das erste Tag hinzu!

MARC

LEADER 00000nla a2200000 4500
001 0243086
005 20240502073938.8
041 0 |a eng 
044 |a SK 
245 1 0 |a <The> Limited Impact of Business Model on Business' Prosperity 
520 |a Prezentácia čiastkových výsledkov trojročnej štúdie začínajúcich spoločností so zameraním na obchodný model a jeho vplyv na prosperitu štartovacieho podniku. Analýza viac ako 70 začínajúcich spoločností, ktoré zhromažďujú údaje prostredníctvom osobného rozhovoru so zakladateľom startup-u. 
610 2 0 |a start-up 
610 2 0 |a štruktúra podniku organizačná 
610 2 0 |a modely podniku 
610 2 0 |a modely podnikateľské 
610 2 0 |a prosperita ekonomická 
610 2 0 |a efektívnosť ekonomická 
610 2 0 |a efektívnosť podnikania 
100 1 |a Bednár, Richard, 1985- 
700 1 |a Zagoršek, Branislav, 1984-